Sociálny štát v sociálnej Európe

Salvato in:
Dettagli Bibliografici
Autore principale: Mihalik, Jozef
Natura: Libro
Lingua:slovacco
inglese
Pubblicazione: Bratislava Vydavateľský dom ELITA 2010
Soggetti:
Tags: Aggiungi Tag
Nessun Tag, puoi essere il primo ad aggiungerne!!

MARC

LEADER 00000nam$a2200000$$$4500
001 0113240
005 20240314085935.6
020 |a 978-80-970135-2-3 
041 0 |a slo 
041 0 |a eng 
044 |a SK 
245 1 0 |a Sociálny štát v sociálnej Európe  |c Jozef Mihalik 
264 1 |a Bratislava  |b Vydavateľský dom ELITA  |c 2010 
300 |a 398 s. 
610 2 0 |a štát sociálny 
610 2 0 |a hospodárstvo trhové sociálne 
610 2 0 |a modely 
610 2 0 |a programy sociálne 
610 2 0 |a kríza 
610 2 0 |a intervencionizmus štátny 
610 2 0 |a opatrenia 
610 2 0 |a Európa 
610 2 0 |a Európska únia 
100 1 |a Mihalik, Jozef